000 00608nam a2200181Ia 4500
008 090122s9999 xx 000 0 und d
082 _b3021
_a891.4687
100 _aमंत्री
_bरमेश
245 _aसहयाद्रीची चोरी
260 _bअनुभव प्रकाशन
_c1997
300 _a256
501 _aदेणगी - शुभम साहित्य
600 _aमंत्री
630 _aसहयाद्रीची चोरी
700 _aमंत्री
730 _aसहयाद्रीची चोरी
942 _cBOOK
999 _c27099
_d27099